| 000 | 00396nam a2200157Ia 4500 | ||
|---|---|---|---|
| 003 | LK-CoDNM | ||
| 008 | 010623t1997 xxu||||| |||| 00| 1 eng d | ||
| 040 |
_aLK-CoDNM _dLK-CoDNM _eLK-CoDNM |
||
| 041 | _aeng | ||
| 080 | _a8-32 RAN | ||
| 100 | _aRanasinghe, Anne | ||
| 245 | _aMascot Symbol | ||
| 260 |
_bEnglish Writers cooperative of Sri Lanka _c1997 |
||
| 300 | _b169, 21.5 cm | ||
| 942 | _cBK | ||
| 999 |
_c118063 _d118063 |
||